Największe miasta w dolnośląskim wg litery - Statystyki

Ogólne statystyki
  • Ten quiz został rozwiązany 155 razy
  • Średni wynik to 10 z 18
Statystyki odpowiedzi
Litera Liczba mieszkańców Miasto % Poprawnych
W 638.364 Wrocław
99%
L 100.455 Legnica
90%
J 80.325 Jelenia Góra
85%
G 68.114 Głogów
81%
Ś 57.761 Świdnica
76%
B 39.110 Bolesławiec
75%
O 37.347 Oleśnica
62%
Z 30.920 Zgorzelec
61%
K 27.273 Kłodzko
59%
D 33.707 Dzierżoniów
57%
P 22.508 Polkowice
51%
T 13.252 Trzebnica
41%
M 11.522 Milicz
39%
S 16.285 Strzegom
33%
N 22.504 Nowa Ruda
32%
C 13.631 Chojnów
30%
Ż 6.853 Żarów
28%
R 2.420 Radków
22%
Nie znaleziono quizów pasujących do podanych kryteriów
Rozkład punktacji
Procent ludzi z każdym wynikiem
Percentyl według liczby udzielonych odpowiedzi
Twoja historia wyników
Nie rozwiązałeś tego quizu